000 00589nam a22001937a 4500
008 151209b xxu||||| |||| 00| 0 eng d
020 _a078031137X
041 0 _aeng
080 _a621.3
100 1 _aPaice, D. A.
245 1 0 _aPower electronic converter harmonics :
_cDerek A. Paice.
260 _aPiscataway, NJ :
_bIEEE Press,
_cc1996.
300 _axix, 202 f. :
_bme ill. ;
_c24 cm.
650 0 _aElektronika
650 0 _aElektroteknika
650 0 _aPaisjet elektronike
710 2 _aIEEE Industry Applications Society.
942 _2udc
_cBK
999 _c1399
_d1399